| 000 | 00396nam a2200157Ia 4500 | ||
|---|---|---|---|
| 008 | 210716s2008 xx 000 0 und d | ||
| 020 | _a9781422145357 | ||
| 041 | _aeng | ||
| 082 | _a374.22 GARH | ||
| 100 | _aGardner, Howard. | ||
| 245 | _aFive minds for the future. | ||
| 250 | _a1 | ||
| 260 |
_aBoston _bHarvard University Press _c2008 |
||
| 300 | _axxii,196 | ||
| 650 | _aGeneral Knowledge | ||
| 999 |
_c208087 _d208087 |
||